Sports Quiz

Random Sports or Baseball Quiz
Score 0/107 Timer 12:00
1 Play Today
Year Starter % Correct
2006Johan Santana
90.4%
2007Johan Santana
90.3%
2016Ervin Santana
90.2%
2017Ervin Santana
90.2%
1913Walter Johnson
71.9%
1914Walter Johnson
71.9%
1915Walter Johnson
71.9%
1916Walter Johnson
71.9%
1917Walter Johnson
71.9%
1918Walter Johnson
71.9%
1919Walter Johnson
71.9%
1920Walter Johnson
71.9%
1921Walter Johnson
71.9%
1923Walter Johnson
71.9%
1924Walter Johnson
71.9%
1926Walter Johnson
71.9%
1972Bert Blyleven
68.5%
1987Bert Blyleven
68.5%
1976Bert Blyleven
68.5%
1975Bert Blyleven
68.5%
1974Bert Blyleven
68.5%
1973Bert Blyleven
68.5%
1991Jack Morris
67.9%
1989Frank Viola
59.5%
1988Frank Viola
59.5%
1986Frank Viola
59.5%
1985Frank Viola
59.5%
2005Brad Radke
58.6%
2004Brad Radke
58.6%
2003Brad Radke
58.6%
2002Brad Radke
58.6%
2001Brad Radke
58.6%
2000Brad Radke
58.6%
1999Brad Radke
58.6%
1997Brad Radke
58.6%
1996Brad Radke
58.6%
Year Starter % Correct
2019José Berríos
56.7%
1967Jim Kaat
46.4%
1965Jim Kaat
46.4%
2009Francisco Liriano
45.7%
2015Phil Hughes
42.6%
1992Scott Erickson
39.5%
1995Scott Erickson
39.4%
2018Jake Odorizzi
35.6%
1971Jim Perry
35%
1970Jim Perry
35%
1929Sad Sam Jones
33.3%
2011Carl Pavano
31.4%
2012Carl Pavano
30.6%
1994Kevin Tapani
29.8%
1993Kevin Tapani
29.8%
1966Mudcat Grant
27.2%
1984Albert Williams
27%
2010Scott Baker
26.5%
1990Allan Anderson
25.4%
1964Camilo Pascual
23.7%
1963Camilo Pascual
23.7%
1960Camilo Pascual
23.4%
1956Camilo Pascual
23.4%
2008Livan Hernandez
21.8%
2014Ricky Nolasco
20.9%
1931Lloyd Brown
17.7%
1981Jerry Koosman
16.8%
1980Jerry Koosman
16.8%
1968Dean Chance
16.5%
1979Dave Goltz
16.5%
1978Dave Goltz
16.5%
1977Dave Goltz
16.5%
2013Vance Worley
14.3%
1998Bob Tewksbury
11.5%
1958Pedro Ramos
11.2%
1959Pedro Ramos
11.2%
Year Starter % Correct
1961Pedro Ramos
11.2%
1969Tom Hall
10.3%
1947Early Wynn
10.1%
1948Early Wynn
10.1%
1940Dutch Leonard
9.3%
1941Dutch Leonard
9.3%
1943Dutch Leonard
9.3%
1945Dutch Leonard
9.3%
1982Pete Redfern
9%
1962Jack Kralick
7.8%
1983Brad Havens
7.5%
1936Bob Newsom
6.3%
1932General Crowder
6.1%
1933General Crowder
6.1%
1930Firpo Marberry
5.8%
1927Stan Coveleski
5.3%
1952Bob Porterfield
5.2%
1953Bob Porterfield
5.2%
1955Bob Porterfield
5.2%
1954Chuck Stobbs
4.8%
1942Sid Hudson
4.6%
1934Earl Whitehill
4.6%
1935Earl Whitehill
4.6%
1938Wes Ferrell
4.4%
1922George Mogridge
4.3%
1925George Mogridge
4.3%
1949Ray Scarborough
3.9%
1950Ray Scarborough
3.9%
1946Roger Wolff
3.6%
1951Connie Marrero
3.3%
1944Johnny Niggeling
3%
1939Jimmie DeShong
3%
1928Milt Gaston
2.8%
1957Bob Chakales
2.8%
1937Joe Cascarella
2.5%
Come Together.
Have Fun.
All Virtual.
We all need to come together. Play Sporcle's virtual live trivia to have fun, connect with people, and get your trivia on. Join a live hosted trivia game for your favorite pub trivia experience done virtually. If a virtual private party is more your thing, go here for details.

You're not logged in!

Compare scores with friends on all Sporcle quizzes.
OR
Log In

Sporcle TV

Today on Sporcle TV


Watch our educational content, quiz creation guides, and fun videos on Sporcle TV.

Show Comments

Extras

Top Quizzes Today


Score Distribution

Paid Content

Your Account Isn't Verified!

In order to create a playlist on Sporcle, you need to verify the email address you used during registration. Go to your Sporcle Settings to finish the process.

Report this User

Report this user for behavior that violates our Community Guidelines.

Details: